| 000 | 00000nam##2200000za#4500 |
| 001 | 9.576348 |
| 003 | CaOODSP |
| 005 | 20210624185109 |
| 007 | cr ||||||||||| |
| 008 | 150406|1981||||xxc|||||o f|0| 0 eng|d |
| 040 | |aCaOODSP|beng |
| 043 | |an-cn--- |
| 086 | 1 |aFs97-13/277E-PDF |
| 110 | 1 |aCanada. |bDepartment of Fisheries and Oceans. |
| 245 | 10|aCanadian Pacific Coast Ichthyoplankton Survey, 1980. Ichthyoplankton. Cruise Three (March 12-20) / |h[electronic resource]|cby J.C. Mason, O.D. Kennedy, and A.C. Phillips. |
| 260 | |aNanaimo - British Columbia : |bFisheries and Oceans Canada |c1981. |
| 300 | |a82p. |
| 490 | 1 |aCanadian data report of fisheries and aquatic sciences|vNo. 277 |
| 500 | |aOn t.p.: Pacific Biological Station, Nanaimo, British Columbia. Catalogue number of the print edition appears in the PDF version. |
| 546 | |a(Résumé en français) |
| 590 | |a13-12-Supp|b2013-05-10 |
| 720 | 1 |aMason, J. C. |
| 720 | 1 |aKennedy, O. D. |
| 720 | 1 |aPhillips, A. C. |
| 830 | #0|aCanadian data report of fisheries and aquatic sciences ;|vNo. 277|w(CaOODSP)9.505124 |
| 856 | 40|ahttp://publications.gc.ca|qPDF|s3220 KB|uhttps://publications.gc.ca/collections/collection_2013/mpo-dfo/Fs97-13-277-eng.pdf|yNo. 277 |